00533pab a2200157 454500008004000000100002000040245008400060260000900144300001400153362001200167650001500179773004800194909001000242999001700252952010600269180718b2002 xxu||||| |||| 00| 0 eng d aAbueva, Jose V. aResponse to the usual objections to federalization and parliamentary government c2002 ap.201-09. aJan-Oct aFederalism aPhilippine Journal of Public Administration a71411 c71411d71411 00104070aIIPAbIIPAd2018-07-19hVolume no: 46, Issue no: 1-4pAR71871r2018-07-19w2018-07-19yAR